00668nam a2200145Ia 4500008004100000050002400041100003400065245016100099260008600260300002800346521001500374942000700389999001900396952010700415140724s9999 xx 000 0 und d aBF 637b.Ad244 2013 aAdvincula, Maria Catherine J. aFactors affecting academic performance of selected Psychologyology students of Southville International School and Colleges /cMaria Catherine J. Advincula. aLas Piñas, Philippines :bSouthville International School and Colleges,cc2013. a59 p. :bill. ;c28 cm. aPsychology cTH c229194d229194 001040aCLbCLcTHESESd2014-07-24l0oBF 637 .Ad244 2013pT0548r2018-03-15 00:00:00w2014-07-24yTH